Spoločnosť trhu a environmentálna politika: aktéri a konflikty

Na minha lista:
Detalhes bibliográficos
Autor principal: Filčák, Richard
Formato: Livro
Idioma:eslovaco
Publicado em: Bratislava VEDA, vydavateľstvo Slovenskej akadémie vied 2012
Edição:1. vydanie
Assuntos:
Tags: Adicionar Tag
Sem tags, seja o primeiro a adicionar uma tag!

MARC

LEADER 00000nam a2200000 4500
001 0282860
005 20240416113606.1
020 |a 978-80-224-1216-2 
041 0 |a slo 
044 |a SK 
245 1 0 |a Spoločnosť trhu a environmentálna politika: aktéri a konflikty  |c Richard Filčák 
250 |a 1. vydanie 
264 1 |a Bratislava  |b VEDA, vydavateľstvo Slovenskej akadémie vied  |c 2012 
300 |a 302 s. 
610 2 0 |a politika environmentálna 
610 2 0 |a politika ekologická 
610 2 0 |a trh 
610 2 0 |a zmeny klimatické 
610 2 0 |a rozvoj trvalo udržateľný 
100 1 |a Filčák, Richard